[Event "SuperGM"]
[Site "Linares ESP"]
[Date "2002.03.06"]
[Round "10"]
[White "Adams, Michael"]
[Black "Shirov, Alexei"]
[Result "1-0"]
[WhiteElo "2742"]
[BlackElo "2715"]
[Annotator "Hathaway, Mark"]

1. e4 c5
{ I don't know how much fighting spirit is left in these two. They've both had their ups and downs and probably feel there's little chance to climb back into the fight for first place. Adams has played five decisive games, so there's no doubt any of his games might follow suit. }
2. Nf3 Nc6 3. Bb5
{ While it was odd for Kasparov to use this against Shirov it makes more sense for Adams. Still, it's odd that two players would choose this when facing Shirov. }
3...e6
{ Shirov must suspect Adams has some improvement over the Kasparov-Shirov game or else he just wants to test Adams a bit by forcing him to find his own way. }
4. O-O Nge7
{ I like this move because it makes Bb5 less effective. It can't force doubled pawns by capturing Nc6. }
5. c3 a6 6. Ba4
{ Refusing to capture Nc6 leaves Ne7 awkwardly placed. }
6...b5 7. Bc2 Bb7
{ This approach leaves the question of how Black will play Pd7 for later, but it also leaves Pe4 in place and gives White time for d2-d4, if he should so choose. }
 ( 
{ A perfectly good alternative for Black is }
 7...d5 8. e5 d4 ) ( 7...Ng6 $6 8. d4 cxd4 9. cxd4 Nb4 10. Bb3 
{ and Nb4 is likely to get pushed back after having achieved no lasting gain }
 ) 8. Qe2
{ Clearly one of White's aims is to keep his pawns supported, so he can get in d2-d4 without a major disruption. How does Black prevent this "obvious" plan? }
 ( 
{ White isn't likely to play }
 8. d4 cxd4 9. cxd4 Nb4 
{ because Bc2 is vulnerable and can't run away because it has to defend Pe4. }
 ) 8...Ng6 ( 8...e5 $5 
{ weakens the light squares, but tries to hold White back. That it moves the pawn a second time shouldn't be a bigger concern than whether it gets the job done. I suspect Shirov was satisfied with the pawn structure and wanted to just develop his pieces further. }
 9. a4 bxa4 
{ creates an odd weakness in Black's pawn structure, but gets rid of the weakness so he can get on with other developments }
 ( 9...Ng6 $6 $13 
{ Pb5 is not immune from capture, but in the future might escape by advancing, so the question passes to White, "How should Whit develop to gain advantage or even stay equal?" Should he take Pb5 and lag behind with the development of his other minor pieces? }
 10. axb5 axb5 11. Rxa8 Qxa8 12. Qxb5 Ba6 13. Qa4 
{ a saving move because now Ba6 is pinned to the undefended Qa8! }
 13...Nf4 14. d3 Ne2+ 15. Kh1 Nxc1 16. Rxc1 Qb7 17. Na3 ) ) 9. d4 cxd4 10. cxd4 Nh4
{ trying to undermine Pd4 and exchange a minor piece to ease Black's slight cramp }
11. Nbd2
{ This blocks Bc1 for the moment, but it makes room for Bc2-b1 (if needed) and defends Pe4 again. }
11...Rc8 12. Bb1 Bd6
{ The bishop may take an odd route (Bf8-d6-b8-a7) to find a weak White pawn it can target. This is the kind of contortions one has to endure when the opening play hasn't secured adequate space for the pieces. I suppose I should add, though it's guesswork, that Shirov may have played this way to provoke Adams into rash pawn moves which might weaken his position so that Shirov could counter-attack successfully. It's an odd thought though. Adams isn't known for doing anything rashly or out of control. }
13. a4 bxa4 14. Rxa4 Nxf3+ 15. Nxf3 Nb4
{ From here the knight defends Pa6 and keeps Ra4 inactive. After an e4-e5 it could go back ...Nb4-d5. However, it's tied to Bd6, so e4-e5 would shove ...Bd6-e7 which isn't a very active square for the bishop. }
16. Bd2
{ White immediately challenges this "bone in his throat". Adams is the kind of player who will emphasize coordination and mobility for his pieces. It's a little unusual for an 1. e4 player, but, it doesn't take much effort to recall how effective GM Anatoly Karpov was with 1. e4. }
16...a5
{ This secures Nb4, but it also forces Nb4 to remain because it defends Pa5 from Ra4 & Bd2. It also sneakily (perhaps by accident) threatens ...Bb7-a6! }
17. Rd1 O-O 18. Bc3 Qb6
{ This isn't terribly appealing. The queen might be much more useful on the king-side, but he has to over-protect Nb4 to allow Bd6 to maneuver. }
 ( 18...f6 ) 19. Ra1 Bf4
{ Now it's clear Black is trying to box-in Qe2 and threatens ...Bb7-a6 to chase her back further. Black can't challenge Pd4 & Pe4, but he can play around them with good effect. }
 ( 19...f6 20. Nh4 
{ and the absence of Black's queen from the king-side is keenly felt }
 ) 20. Ne5 Qc7 21. Qg4 Bxe5 22. dxe5
{ This creates a kind of wall on the e-file. Black's queen-side pieces will find it difficult to cross that wall to help defend Kg8. White might use Ra1-a3, Bc3-d4, Ra3-g3 to bring at least one more big piece to the king-side. There is also Bc3-d2-h6, but Pe5 needs defense. }
22...Bc6 23. h4 ( 23. Bd4 ) 23...Kh8 24. Ra3 Rg8 25. h5 h6 26. Qf4 Rcf8
{ Black might be preparing ...f7-f6 since Qf4 isn't defended, but any move (s) such as that would end up opening lines to Kh8. }
27. Bd4 Bb5
{ probably hoping for ...Bb5-e2xh5-g6 }
28. Rc3 Nc6 29. Bc5 Be2 30. Rd2 Bxh5 31. Rh3
{ This is most direct to the point. He could have played Bc5-d6, but that isn't really necessary. Only if counter-play via the capture of e5 was going to be effective would White take the time to prevent it. In the final position Black can't do much. If 31...Bh5-g6 Rxh6+ forces mate and 31...g5 allows 32. Qf6+ and 33. Rxh5, winning the piece and/or checkmating. This has got to be one of the strangest tournaments for Adams. That's six decisive games out of ten! }
1-0

[Event "SuperGM"]
[Site "Linares ESP"]
[Date "2002.03.06"]
[Round "10"]
[White "Ivanchuk, Vassily"]
[Black "Vallejo Pons, Francisco"]
[Result "1-0"]
[WhiteElo "2717"]
[BlackElo "2629"]
[Annotator "Hathaway, Mark"]

1. e4 c5
{ I wonder why he's sticking to this defense after his loss with it in round 8 to Kasparov. }
2. Nf3 e6 3. d4 cxd4 4. Nxd4 a6 5. Bd3
{ Kan Variation }
5...Nf6 6. O-O
{ White could play e4-e5 next. }
6...d6 ( 6...Bc5 7. Nb3 
{ leaves Bc5 under attack and e4-e5 still possible }
 ) ( 6...b5 ) 7. c4
{ Ivanchuk establishes the Maroczy Bind, as Kasparov did. Will Vallejo Pons have learned anything, so his result could be better this time? Already he has Pd6 to prevent e4-e5! I've seen a few games where Ivanchuk has done very well with this formation, so I wouldn't want to try the Black pieces against him. }
7...Be7 8. Nc3 O-O
{ As in the game with Kasparov Black's position is relatively weakness-free. But, the most likely place for White to attack is at g7 or h7 and that places Black's king in danger. White, on the other hand, has no major weakness of a similar quality (Pc4, for example) . }
9. f4
{ I'm surprised at this, before Kg1-h1. Can Black respond with ...Qd8-b6 to pin Nd4? }
 ( 9. Qe2 
{ defends Pb2 and prepares to support Bc1-e3, if needed. By defending Pe4 & Pc4 it also would allow Bd3 to retreat to c2 or b1 if Black attacks it. }
 ) 9...Re8
{ In the game with Kasparov he had problems with the weakness of Pe6 after he fianchettoed ...Bc8-b7. This time he prepares to have it nicely defended. I suspect Ivanchuk would only begin to look at Pf7 as another weak spot to include in his offensive plans. }
 ( 9...Qb6 $5 10. Be3 Nc6 ) 10. Kh1 Nbd7 11. Qe2
{ certainly a curious move-order, these last three moves. At the moment White might be considering e4-e5 because Nf6 has no good retreat square. }
11...g6
{ It's amazing how a move like this can be appealing and yet it weakens Nf6 quite a lot. And, after f4-f5 (whenever White chooses to play it) open lines would soon follow. }
12. Bd2
{ This is a tepid move, but he is gradually mobilizing his pieces while keeping an eye on Black's formation and where he will need to focus his attention. Right now it looks like e4-e5 or f4-f5, but there's also a possibility of moving heavy pieces onto the h-file. }
12...Bf8 13. Rad1
{ Mysterious? No, he expects ...Bf8-g7, so Pd6 would be the big weakness. Of course this will leave Black wondering what to do with Bf8. }
13...Nh5
{ In his 9th round game (Vallejo Pons - Anand) he had to meet an f-file attack against his castled king and Nf3-h4 was played to gain space for f2-f4. Is he replaying that game or does he have some original idea here? }
14. Nf3
{ Ivanchuk doesn't appear to be in a hurry, but he's not going to allow ...Qd8-h4 either. He's incidentally (?) clearing the d-file and may plan Bd2-e3-d4. This is an amazingly quiet maneuvering noncomittal game for Ivanchuk. }
14...b6 15. e5
{ Now the flood gates open and Black has Nd7 and Nh5 and Re8 developed. Most of his pieces are passively on the back rank. That's not to say this will be a crush, but White clearly has an advantage. }
15...Bb7 16. Ng5
{ Now Pd6, Pf7 and Ph7 are all threatened. It's no coincidence. }
16...Ng7 17. Be4
{ Since the bishop is blocked by Pg6 he decides to trade it for Bb7, so he might use square e4 for another piece. This move also continues to clear the d-file. }
17...Qc7 18. Qf3 Bxe4 19. Ncxe4 h6 ( 19...dxe5 20. fxe5 Nxe5 21. Nf6+ Kh8 22. Qh3 h5 23. Bc3 ) 20. exd6 Qd8 $6
{ I wonder why he'd give up the pawn so readily. }
 ( 20...Bxd6 21. Nxd6 Qxd6 22. Bc3 Qe7 23. Ne4
{ and White is clearly better, but Black is hanging on }
 ) 21. Qh3 hxg5 ( 21...Nf5 22. Bc3 $16 ) ( 21...h5 22. Bc3 $16 ) 22. fxg5 e5 ( 22...Nf5 23. Bc3 Bg7 24. Bxg7 Kxg7 25. g4 ) 23. Qxd7
{ The bad news is that the attack doesn't end. The f-file is open and Ne4 has good control of f6 and the h-file is open, so Kg8 still isn't safe after a queen trade. I suppose his worst frustration is that he's given a pawn and hoped to keep some material edge as compensation for his positional woes, but now he's just behind material and position. One of the things I liked most about this game is that Ivanchuk didn't force much. He let Vallejo Pons strangle on his own inability to develop and maneuver properly. Ivanchuk just kept flexible and attacked when he had specific targets and all his pieces involved. Chess looks so easy sometimes. }
1-0

[Event "SuperGM"]
[Site "Linares ESP"]
[Date "2002.03.06"]
[Round "10"]
[White "Anand, Viswanathan"]
[Black "Kasparov, Garri"]
[Result "1/2-1/2"]
[WhiteElo "2757"]
[BlackElo "2838"]
[Annotator "Hathaway, Mark"]

1. e4 c5 2. Nf3 d6 3. d4 cxd4 4. Nxd4 Nf6 5. Nc3 a6
{ It's rather amazing to me that this opening variation should continue to be the primary defense of many top GMs. It was invented in the 1950s by Najdorf (originally of Poland, but after World War II of Argentina) and fought over throughout the 1960s and 70s. Bobby Fischer utilized it and honed it like a knife. Many years later, after other defenses have been tried and many discarded, this is Kasparov's favorite. It's interesting also to note that there are a zillion 6th moves White can choose from, and the one played most these days by the top GMs is 6. Be3, a move (and system) created by GM Robert Byrne, a New Yorker who was a childhood (and perhaps lifelong) friend of Bobby Fischer. Did he invent this opening variation to combat Fischer? I don't know. It was taken up by Englishmen and made more popular in the 1980s and 90s. Now it's commonplace. }
6. Be3
{ Fischer preferred 6. Bc4 and that's still considered good, but it's not to the taste of today's players. I suppose I should also add that 6. Bg5 was "all the rage" during the 1960s and 70s when Fischer played actively, but his "Poison Pawn Variation" (after 6. Bg5 e6 7. f4 Qb6 8. Qd2 Qxb2) is still considered good, and it's one reason 6. Bg5 isn't played much now. }
6...e5
{ Particularly against 6. Be2 this move (6...e5) was Fischer's response. It is named for Opocensky, but like many variations, Fischer played it a lot and made it popular. It makes sense that as White he'd play 6. Bc4 if he thought Black might play 6...e5, leaving the c4-f7 diagonal open. }
7. Nb3
{ Now there are a couple of weaknesses in Black's pawn structure, so White will have a clear idea of where to play (d5, d6, b6) . However, Pe5 controls d4 and with ...Bc8-e6 Black controls d5 pretty well too. Only Bf8 will be noticably bad. }
7...Be6 8. f3
{ There's no immediate need for this. He wants to play g2-g4-g5 to gain better control of d5. Playing Qd1-d2 is mainly to prepare O-O-O and I guess he doesn't want to commit to that yet. }
 ( 8. Qd2 Ng4 9. Bg5 
{ is awkward for Black }
 ) 8...Nbd7 ( 8...d5 9. Nxd5 Nxd5 10. exd5 Qxd5 11. Qxd5 Bxd5 12. c4 
{ is considered premature for Black because his remaining pieces don't coordinate so well }
 ) ( 8...h5 
{ is a recent innovation aimed at preventing g2-g4-g5. It leaves g5 weak and makes ...O-O more risky. }
 ) 9. g4 b5 ( 9...h6 ) 10. g5 b4 ( 10...Nh5 11. Nd5 ) 11. Ne2 ( 11. Nd5 Nxd5 12. exd5 Bf5 
{ makes the entire effort worthless. White wouldn't have use of square d5 and Black's Nf6 is traded, rather than being chased off to the edge of the board. And on top of all that White's pawns are a mess. }
 ) ( 11. gxf6 bxc3 12. fxg7 Bxg7 13. bxc3 ) 11...Nh5 12. Qd2 a5 13. Ng3 Nxg3 14. hxg3
{ White gains by having the open h-file, but Black retains sufficient control of the central squares. It's also less clear where White's king will be safe. After the king-side pawns advanced he wouldn't be expected to O-O, though he might play Ke1-f2. With Black's queen-side pawns far advanced it's highly unlikely he'll O-O-O. On the other hand, Black's king seems perfectly safe, but Rh8 is going to be out of play if Ke8 stays in the middle of that rank. }
14...a4 15. Nc1 Qa5 16. Nd3 d5 17. exd5 Qxd5 18. Bg2 Qb5
{ He has to keep Pb4 defended. }
19. Bh3 Bxh3 20. Rxh3 Be7 21. Rh4 $1
{ White works around the edges as well as he can (Black can't do any better yet) and Pb4 stands out as a major weakness. }
21...f5 $5 22. O-O-O
{ This isn't bad. It puts the king behind some pawns and develops Ra1-d1, to create a threat to Nd7. }
 ( 22. Nxb4 $2 f4 ) ( 
{ Aiming to open lines to Ke8 might help. }
 22. gxf6 gxf6 23. Nxb4 f5 24. Nd5 Qxb2 25. Nc7+ $13 ) 22...b3 23. a3 Rc8
{ I don't see the benefit of allowing White to close up the pawns around his king. }
 ( 23...bxc2 ) 24. c3 Nf8 25. Rh2 Ng6 26. Nb4 ( 26. Rdh1 Rd8 ) 26...Rd8 27. Nd5
{ It seems a little risky to allow Nd5 to be pinned this way. Of course, it threatens Nd5-c7+, but Black will prevent that. }
 ( 27. Qe1 ) 27...Kf7 28. Qd3 Qxd3 29. Rxd3 f4
{ It might be a little odd for this to be Black's only tactic, but Rh8 is still well stuck behind Ph7 and Nd5 is proving to be strong enough and White's king's position is plenty safe. }
30. gxf4 exf4 31. Nxf4 ( 31. Bxf4 Rxd5 32. Rxd5 Nxf4 33. Rd4 Bxg5 34. Rxa4 h5 
{ is a little complicated by the fact both sides have some offense, for once in this game, but Black's two minor pieces might give him an advantage }
 ( 34...Nd3+ 35. Kb1 Re8 36. Re4 ) ) 31...Nxf4 ( 31...Bxg5 32. Rxd8 Rxd8 33. Ng2 Bxe3+ 34. Nxe3 Re8 ) 32. Rxd8 Rxd8 33. Bxf4 Rd3 34. Rh3 Kg6 35. Bd2 Bd8
{ Black has to wait. }
 ( 35...Bxg5 $4 36. Bxg5 Kxg5 37. f4+ Kxf4 38. Rxd3 h5 39. c4 g5 40. c5 g4 41. c6 g3 42. c7 g2 43. Rd1 h4 44. c8=Q $18 ) 36. Rg3 Be7 37. Rh3 ( 
{ White can't quite get his king out of the box made by Pb3 and Rd3. }
 37. Kd1 Bxa3 38. bxa3 b2 39. Kc2 Rxd2+ 40. Kb1 ) 37...Bd8 38. Rg3 Kf5 39. Kd1 Bc7
{ Their repetition of moves near the end could well have been due to time pressure. White might be better, but his pawns are weak (all of them) and Black's pieces are very well placed to capitalize on even the smallest misstep, such as 40. Rh3 Bf4, winning Bd2. Instead White has to prevent ...Bc7-f4 by 40. Rg4 Rxf3. This takes the game off in an altogether different direction. }
1/2-1/2